000 00565nam a22001817a 4500
005 20251108164645.0
008 250721s1999 xx 000 0 ara d
082 1 4 _a612.14/أحم
100 1 _aأحمد، محمد محمود
245 1 0 _aنتائج علمية و عملية في تأثير الضغط الدموي على الرياضيين /
264 1 _aعمان :
_bدار الفكر للطباعة،
_c1999.
300 _a171ص
650 1 7 _aالطب
650 1 7 _aضغط الدم
650 1 7 _aالرياضيون
942 _2ddc
_cBK
999 _c11097
_d11097